Průmyslové inženýrství: katalyzátor změn
Málo známe priemyslové inžinierstvo a jeho charakteristika. Profesia priemyslového inžiniera. Fázy zvyšovania produktivity v podniku. Úloha priemyslového inžinierstva v zavádzaní zmien v podniku.
Salvato in:
| Autore principale: | |
|---|---|
| Altri autori: | |
| Natura: | Capitolo di libro |
| Lingua: | ceco |
| Soggetti: | |
| Tags: |
Nessun Tag, puoi essere il primo ad aggiungerne!!
|
MARC
| LEADER | 00000naa a2200000 4500 | ||
|---|---|---|---|
| 001 | r035893 | ||
| 005 | 20231002100428.4 | ||
| 041 | 0 | |a cze | |
| 044 | |a CZ | ||
| 245 | 1 | 0 | |a Průmyslové inženýrství: katalyzátor změn |c Milan Vytlačil, Ivan Mašín |
| 520 | |a Málo známe priemyslové inžinierstvo a jeho charakteristika. Profesia priemyslového inžiniera. Fázy zvyšovania produktivity v podniku. Úloha priemyslového inžinierstva v zavádzaní zmien v podniku. | ||
| 610 | 2 | 0 | |a inžinierstvo priemyselné |
| 610 | 2 | 0 | |a riadenie podnikové |
| 610 | 2 | 0 | |a zmeny organizačné |
| 610 | 2 | 0 | |a produktivita |
| 610 | 2 | 0 | |a výkony podnikové |
| 610 | 2 | 0 | |a inžinieri |
| 100 | 1 | |a Vytlačil, Milan | |
| 700 | 1 | |a Mašín, Ivan | |